| 000 | 01643nam a2200493 i 4500 | ||
|---|---|---|---|
| 001 | 17551 | ||
| 003 | KOSZ 005 | ||
| 005 | 20220421090811.0 | ||
| 008 | 020718s1977 pl a f f |000 0 pol | ||
| 015 | _aPB 1978/1229 | ||
| 035 | _a991018813699705066 | ||
| 035 | _a(PL-WaBN)b15099489-48omnis_nlop | ||
| 035 | _ab15099489 | ||
| 035 | _a(OCoLC)831040635 | ||
| 035 | _a(PL)b0000001509948 | ||
| 035 | _a(EXLNZ-48OMNIS_NETWORK)9910170440905606 | ||
| 040 |
_aWA N _cWA N _dKOSZ 005/EG |
||
| 041 | _apol | ||
| 046 | _k1977 | ||
| 080 | _a911.3 | ||
| 080 | _a33 | ||
| 080 | _a(075.8) | ||
| 100 | 1 |
_aDomański, Ryszard _d(1928-2021) _eAutor |
|
| 245 | 1 | 0 |
_aGeografia ekonomiczna / _cRyszard Domański. |
| 260 |
_aWarszawa ; _aPoznań : _bPaństwowe Wydaw. Naukowe, _c1977. |
||
| 300 |
_a397, [1] s., [3] k. tabl. : _bil., mapy, tab., wykr., err. ; _c24 cm. |
||
| 336 |
_2rdacontent _aTekst _btxt |
||
| 337 |
_2rdamedia _aBez urządzenia pośredniczącego _bn |
||
| 338 |
_2rdacarrier _aWolumin _bnc |
||
| 380 | _aKsiążki | ||
| 380 | _aPublikacje dydaktyczne | ||
| 385 |
_mPoziom nauczania _aSzkoły wyższe |
||
| 388 | _a1901-2000 | ||
| 388 | _a1945-1989 | ||
| 504 | _aBibliogr. przy rozdz. | ||
| 521 | _aPodręcznik dla studentów akademii ekonomicznych. | ||
| 650 | 7 |
_aGeografia gospodarcza _2DBN |
|
| 655 | 7 |
_aPodręczniki akademickie _2DBN |
|
| 658 | _aGeografia i nauki o Ziemi | ||
| 710 | 2 | _aPaństwowe Wydawnictwo Naukowe | |
| 856 |
_uhttp://koha.tu.koszalin.pl/cgi-bin/koha/opac-detail.pl?biblionumber=17551 _yKatalog online BPK |
||
| 942 |
_2UKD _cKS |
||
| 999 |
_c17551 _d17551 |
||